<?xml version="1.0" encoding="UTF-8"?>
<marc:record xmlns:marc="http://www.loc.gov/MARC21/slim">
   <marc:leader>00000nam a2200000 a 4500</marc:leader>
   <marc:datafield ind1="1" ind2=" " tag="100">
      <marc:subfield code="a">Kopp, Matthias</marc:subfield>
      <marc:subfield code="4">edt</marc:subfield>
      <marc:subfield code="e">Bearbeiter/-in</marc:subfield>
   </marc:datafield>
   <marc:datafield ind1=" " ind2=" " tag="653">
      <marc:subfield code="a">Benedikt</marc:subfield>
   </marc:datafield>
   <marc:datafield ind1=" " ind2=" " tag="653">
      <marc:subfield code="a">Zeitgenossen</marc:subfield>
   </marc:datafield>
   <marc:datafield ind1=" " ind2=" " tag="653">
      <marc:subfield code="a">Religion/Christliche Religionen</marc:subfield>
   </marc:datafield>
   <marc:datafield ind1=" " ind2=" " tag="653">
      <marc:subfield code="a">Aufsatzsammlung</marc:subfield>
   </marc:datafield>
   <marc:datafield ind1="0" ind2="0" tag="245">
      <marc:subfield code="a">Und plötzlich Papst</marc:subfield>
   </marc:datafield>
   <marc:datafield ind1="0" ind2="0" tag="245">
      <marc:subfield code="b">Benedikt XVI. im Spiegel persönlicher Begegnungen</marc:subfield>
   </marc:datafield>
   <marc:datafield ind1="0" ind2="0" tag="245">
      <marc:subfield code="c">hrsg. von Matthias Kopp</marc:subfield>
   </marc:datafield>
   <marc:datafield ind1=" " ind2="1" tag="264">
      <marc:subfield code="a">Freiburg, Br.</marc:subfield>
      <marc:subfield code="b">Herder</marc:subfield>
      <marc:subfield code="c">2007</marc:subfield>
   </marc:datafield>
   <marc:datafield ind1="1" ind2=" " tag="520">
      <marc:subfield code="a">Angaben aus der Verlagsmeldung

Und plötzlich Papst : Benedikt XVI. im Spiegel persönlicher Begegnungen

Im Lauf seines Lebens als Bayer, als Theologe, als Bischof und Kardinal, schließlich als Papst ist Joseph Ratzinger vielen Menschen persönlich begegnet – bei ganz verschiedenen Anlässen, manchen nur einmalig, anderen über viele Jahre immer wieder. Ca. 40 Frauen und Männer erzählen von ihren Begegnungen mit dem heutigen Papst. In Geschichten und Anekdoten, Tief- und Hintergründigem entsteht so aus vielen Facetten ein lebendiges Porträt des Menschen Joseph Ratzinger.
Beiträge u.a. von: Ali Bardagoglu, Kai Dieckmann, P. Eberhard v. Gemmingen, Alfred Läpple, Odilo Lechner, Karl Kardinal Lehmann, Joachim Kardinal Meisner, Hans-Joachim Meyer, Shimon Perez, Fritz Pleitgen, Markus Schächter, Michael Smotyzek, Gerhard Westdickenberg.
</marc:subfield>
   </marc:datafield>
   <marc:datafield ind1=" " ind2=" " tag="020">
      <marc:subfield code="a">9783451298639</marc:subfield>
      <marc:subfield code="9">9783451298639</marc:subfield>
   </marc:datafield>
   <marc:datafield ind1=" " ind2=" " tag="020">
      <marc:subfield code="a">3451298635</marc:subfield>
      <marc:subfield code="9">3451298635</marc:subfield>
   </marc:datafield>
   <marc:datafield ind1=" " ind2=" " tag="041">
      <marc:subfield code="a">ger</marc:subfield>
   </marc:datafield>
   <marc:datafield ind1=" " ind2=" " tag="300">
      <marc:subfield code="a">255 S.</marc:subfield>
   </marc:datafield>
</marc:record>
